| 000 | 02136cam a22004217a 4500 | ||
|---|---|---|---|
| 001 | 14937960 | ||
| 003 | CEME | ||
| 005 | 20210628201558.0 | ||
| 008 | 070723s2007 enka b 001 0 eng d | ||
| 010 | _a 2007277335 | ||
| 016 | 7 |
_a101308012 _2DNLM |
|
| 020 | _a9781860946776 | ||
| 020 | _a1860946771 | ||
| 035 | _a(OCoLC)ocn123378530 | ||
| 040 |
_aNLM _cNLM _dRVE _dBAKER _dYDXCP _dBTCTA _dCUS _dNLGGC _dDLC |
||
| 042 |
_anlmcopyc _alccopycat |
||
| 050 | 0 | 0 |
_aQP514.2 _b.G39 2007 |
| 060 | 0 | 0 | _a2007 F-646 |
| 060 | 1 | 0 |
_aQT 36.5 _bG289p 2007 |
| 082 | 0 | 0 |
_a610.28 _222 |
| 084 |
_a58.30 _2bcl |
||
| 100 | 1 |
_aGazit, Ehud. _955917 |
|
| 245 | 1 | 0 |
_aPlenty of room for biology at the bottom, an introduction to bionanotechnology _ban introduction to bionanotechnology / _cEhud Gazit. |
| 260 |
_aLondon : _bImperial College Press ; _aHackensack, NJ : _bDistributed by World Scientific Pub. in the USA, _cc2007. |
||
| 300 |
_axiii, 183 p. : _bill. ; _c24 cm. |
||
| 504 | _aIncludes bibliographical references (p. 171-179) and index. | ||
| 505 | 0 | _aIntroduction : nanotechnology and bionanotechnology -- Brief introduction to nanotechnology -- Natural biological assembly at the nano-scale -- Nanomeric biological assemblies -- Molecular recognition and the formation of biological structures -- Self-assembly of biological and bio-inspired nano-materials -- Application of biological assemblies in nanotechnology -- Medical and other applications of bionanotechnology -- Future prospects for nanobiotechnology and bionanotechnology -- Concluding remarks -- Appendix A : There's plenty of room at the bottom: an invitation to enter a new field of physics / by Richard P. Feynman -- Appendix B : List of bionanotechnolgical and nanobiotechnological companies -- Appendix C : Glossary. | |
| 650 | 1 | 2 |
_aBiotechnology. _92447 |
| 650 | 1 | 2 |
_aNanotechnology. _92826 |
| 650 | 2 | 2 |
_aNanomedicine. _97328 |
| 650 | 2 | 2 |
_aNanostructures. _93334 |
| 650 | 0 |
_aBiotechnology. _92447 |
|
| 650 | 0 |
_aBiomimetic materials. _92828 |
|
| 650 | 0 |
_aBiomolecules. _92557 |
|
| 650 | 0 |
_aNanotechnology. _92826 |
|
| 650 | 0 |
_aBiomimetics. _955918 |
|
| 942 |
_2ddc _cBK |
||
| 999 |
_c566526 _d566526 |
||